00273nam a2200109Ia 4500008004100000100002400041245003200065260003500097300000900132942000700141999001500148190216s9999||||xx |||||||||||||| ||und|| aCharles E St Thomas 0aPractical Business Planning bDb.Taraporevala Sons &coc1971 a141p cBK c4682d4682